000 00381nam a2200145 i 4500
001 89609
003 ES-MaACL
007 t|
008 050111s1931 fr ||||1| fre d
100 1 _aLavedan, Henri.
_970698
245 1 0 _aPétard
_b: comedie en trois actes /
_cHenri Lavedan.
260 _aParis :
_b[Bussou],
_c1931.
300 _a258 p. ;
_c19 cm.
852 _aES-MaACL
_jE-909
999 _c89609
_d89609